000 00535cam a22002291 4500
001 sa 63002587
003 DLC
005 20260227111934.0
008 941121s1962 ii 000 1 beno
010 _asa 63002587
025 _aPL480:I-B-320
035 _a(OCoLC)31495319
040 _aDLC
_cCU
_dCU
_dDLC
042 _apremarc
050 0 0 _aPK1718.B377
_bS9
100 1 _aBasu, Ramapati.
245 1 0 _aŚveta karabī.
260 _c[1962]
300 _a128 p.
_c23 cm.
500 _aIn Bengali.
500 _aShort stories.
999 _c54537
_d54537